Statystyki dla Słowa z "kos"

Kliknij tutaj aby rozwiązać quiz!

Ogólne statystyki

  • Ten quiz został rozwiązany 58 razy
  • Średni wynik to 8 z 21

Statystyki odpowiedzi

HintOdpowiedź% Poprawnych
kos
98%
.kosiarka
69%
kosa
65%
kosz
65%
kostka
60%
skos
48%
kosmos
46%
koszt
46%
ukos
38%
kokos
35%
kosmetyk
33%
kosmita
33%
koszulka
33%
koszula
31%
kosmetyczka
27%
kosmonauta
21%
kostnica
15%
kostucha
12%
rykoszet
10%
rozkosz
8%
kokosanka
4%

Rozkład punktacji

Percentyl według liczby udzielonych odpowiedzi

Procent ludzi z każdym wynikiem

Twoja historia wyników

Nie rozwiązałeś tego quizu